00270nam a22000857a 4500040000800000082002600008245010200034260002600136300002200162 cRUA aMST DEC 2017 C011 Or. aMid-term and Strategic Review of the National Strategy for food Security and Nutrition 2014-2018. aphnom penhbruac2017 a53p.bill.c29cm.